Finite groups of mapping classes of surfaces /

Bibliographic Details
Main Author: Zieschang, Heiner
Format: Book
Language:English
Published: Berlin ; New York : Springer-Verlag, 1981.
Series:Lecture notes in mathematics (Springer-Verlag) ; 875.
Subjects:

MARC

Tag First Indicator Second Indicator Subfields
LEADER 00000cam a22000008a 4500
001 in00000080676
005 20151008054037.0
008 810730s1981 wb a b 00110 eng
010 |a  81013531  
020 |a 0387108572 (U.S.) 
035 |a (OCoLC)07741450 
035 |9 AAH9452AM 
039 0 |a 2  |b 3  |c 3  |d 3  |e 3 
040 |a DLC  |c DLC  |d TXA  |d UtOrBLW 
049 |a TXAM  |c [1441735] 
050 0 0 |a QA3  |b .L28 vol. 875  |a QA613.2 
082 0 |a 510 s  |a 512/.22  |2 19 
100 1 |a Zieschang, Heiner. 
245 1 0 |a Finite groups of mapping classes of surfaces /  |c Heiner Zieschang. 
263 |a 8108 
264 1 |a Berlin ;  |a New York :  |b Springer-Verlag,  |c 1981. 
300 |a viii, 340 pages :  |b illustrations ; 25 cm. 
336 |a text  |b txt  |2 rdacontent 
337 |a unmediated  |b n  |2 rdamedia 
338 |a volume  |b nc  |2 rdacarrier 
490 1 |a Lecture notes in mathematics ;  |v 875 
500 |a Includes index. 
504 |a Bibliography: pages 330-337. 
650 0 |a Manifolds (Mathematics) 
650 0 |a Mappings (Mathematics) 
650 0 |a Finite groups. 
650 0 |a Surfaces. 
830 0 |a Lecture notes in mathematics (Springer-Verlag) ;  |v 875. 
999 |a MARS 
999 f f |s d981b2df-e52a-3442-9ed5-9254c53c42dd  |i 91eb0378-3ce1-3939-9678-4f3f53e5d947  |t 0 
952 f f |p ric  |a Texas A&M University  |b Rellis Campus  |c Joint Library Facility  |d Remote Storage  |t 0  |e QA3 .L28 vol. 875  |h Library of Congress classification  |i unmediated -- volume  |m A14806200702 
998 f f |a QA3 .L28 vol. 875  |t 0  |l Remote Storage